Vector and tensor analysis / (Record no. 89610)
[ view plain ]
| 000 -LEADER | |
|---|---|
| fixed length control field | 00638nam a22002057a 4500 |
| 005 - DATE AND TIME OF LATEST TRANSACTION | |
| control field | 20141028110032.0 |
| 010 ## - LCCN (DPL NO) | |
| LC control number | ENG-111058 |
| 020 ## - INTERNATIONAL STANDARD BOOK NUMBER | |
| Terms of availability | 325.00 |
| International Standard Book Number | 9789383420322 |
| 035 ## - SYSTEM CONTROL NUMBER | |
| System control number | EN-94590 |
| 037 ## - SOURCE OF ACQUISITION | |
| Source of stock number/acquisition | DBAD/PUB |
| 082 ## - DEWEY DECIMAL CLASSIFICATION NUMBER | |
| Classification number | 512.89 |
| 100 ## - MAIN ENTRY--PERSONAL NAME | |
| Personal name | Chatterjee, Utpal |
| 245 ## - TITLE STATEMENT | |
| Title | Vector and tensor analysis / |
| Statement of responsibility, etc | by Utpal Chatterjee [and] Nandini Chatterjee |
| 260 ## - PUBLICATION, DISTRIBUTION, ETC. (IMPRINT) | |
| Place of publication, distribution, etc | Kolkata |
| Name of publisher, distributor, etc | Academic Publishers |
| Date of publication, distribution, etc | 2014 |
| 270 ## - ADDRESS | |
| City | Kolkata |
| Postal code | 700073 |
| Address | 5A, Bhawani Dutta Lane |
| 300 ## - PHYSICAL DESCRIPTION | |
| Extent | viii,552p. |
| Dimensions | 24cm(pbk) |
| 500 ## - GENERAL NOTE | |
| General note | Includes bibliographical references |
| 700 ## - ADDED ENTRY--PERSONAL NAME | |
| Personal name | Chatterjee, Nandini |
| 942 ## - ADDED ENTRY ELEMENTS (KOHA) | |
| Source of classification or shelving scheme | Dewey Decimal Classification |
| Item type | English Books |
| Call number suffix | CHA |
| Classification part | 512.89 |
| Withdrawn status | Lost status | Not for loan | Collection code | Home library | Current library | Date acquired | Source of acquisition | Cost, normal purchase price | Full call number | Barcode | Copy number | Cost, replacement price | Koha item type |
|---|---|---|---|---|---|---|---|---|---|---|---|---|---|
| Not For Loan | Non-fiction | D.B.Act.Division | D.B.Act.Division | 24/10/2014 | DBAD/PUB | 325.00 | 512.89 CHA | EN-94590 | 1 | 325.00 | English Books |
